Mathematical statistics (Record no. 3033)
[ view plain ]
| 000 -LEADER | |
|---|---|
| fixed length control field | 00575nam a22002177a 4500 |
| 003 - CONTROL NUMBER IDENTIFIER | |
| control field | OSt |
| 005 - DATE AND TIME OF LATEST TRANSACTION | |
| control field | 20220107122715.0 |
| 008 - FIXED-LENGTH DATA ELEMENTS--GENERAL INFORMATION | |
| fixed length control field | 130528b xxu||||| |||| 00| 0 eng d |
| 020 ## - INTERNATIONAL STANDARD BOOK NUMBER | |
| International Standard Book Number | 8121912466 |
| 040 ## - CATALOGING SOURCE | |
| Transcribing agency | IIITM-K |
| 082 ## - DEWEY DECIMAL CLASSIFICATION NUMBER | |
| Classification number | 519.5 KAP/M |
| 100 ## - MAIN ENTRY--PERSONAL NAME | |
| Personal name | Kapur, J.N |
| 9 (RLIN) | 693 |
| 245 ## - TITLE STATEMENT | |
| Title | Mathematical statistics |
| Statement of responsibility, etc. | by J.N Kapur, H.C Saxena |
| 260 ## - PUBLICATION, DISTRIBUTION, ETC. | |
| Place of publication, distribution, etc. | New Delhi, |
| Name of publisher, distributor, etc. | S Chand and Company Pvt. Ltd. |
| Date of publication, distribution, etc. | 2000. |
| 300 ## - PHYSICAL DESCRIPTION | |
| Extent | xvi, 312p. |
| 650 ## - SUBJECT ADDED ENTRY--TOPICAL TERM | |
| Topical term or geographic name entry element | MATHEMATICS |
| 9 (RLIN) | 694 |
| 650 ## - SUBJECT ADDED ENTRY--TOPICAL TERM | |
| Topical term or geographic name entry element | STATISTICS |
| 9 (RLIN) | 695 |
| 650 ## - SUBJECT ADDED ENTRY--TOPICAL TERM | |
| Topical term or geographic name entry element | PROBABILITY |
| 9 (RLIN) | 697 |
| 700 ## - ADDED ENTRY--PERSONAL NAME | |
| Personal name | Saxena, H.C |
| 9 (RLIN) | 698 |
| 942 ## - ADDED ENTRY ELEMENTS (KOHA) | |
| Source of classification or shelving scheme | Dewey Decimal Classification |
| Koha item type | Books |
| Withdrawn status | Lost status | Source of classification or shelving scheme | Damaged status | Not for loan | Collection code | Home library | Current library | Shelving location | Date acquired | Cost, normal purchase price | Total Checkouts | Total Renewals | Full call number | Barcode | Date last seen | Date last checked out | Price effective from | Koha item type |
|---|---|---|---|---|---|---|---|---|---|---|---|---|---|---|---|---|---|---|
| Dewey Decimal Classification | Statistics | Kerala University of Digital Sciences, Innovation and Technology Knowledge Centre | Kerala University of Digital Sciences, Innovation and Technology Knowledge Centre | Mathematics | 28/05/2013 | 188.00 | 23 | 2 | 519.5 KAP/M | 2719 | 04/04/2024 | 06/03/2024 | 28/05/2013 | Books |